Consumer behavior II (Record no. 479286)
[ view plain ]
| 000 -LEADER | |
|---|---|
| fixed length control field | 01859cam a2200421 a 4500 |
| 001 - CONTROL NUMBER | |
| control field | EDZ0000116319 |
| 003 - CONTROL NUMBER IDENTIFIER | |
| control field | StDuBDS |
| 005 - DATE AND TIME OF LATEST TRANSACTION | |
| control field | 20161031105110.0 |
| 006 - FIXED-LENGTH DATA ELEMENTS--ADDITIONAL MATERIAL CHARACTERISTICS--GENERAL INFORMATION | |
| fixed length control field | m||||||||d|||||||| |
| 007 - PHYSICAL DESCRIPTION FIXED FIELD--GENERAL INFORMATION | |
| fixed length control field | cr ||||||||||| |
| 008 - FIXED-LENGTH DATA ELEMENTS--GENERAL INFORMATION | |
| fixed length control field | 130111s2006 enka fo| 000|0|eng d |
| 020 ## - INTERNATIONAL STANDARD BOOK NUMBER | |
| International Standard Book Number | 9781446261118 (ebook) : |
| Terms of availability | No price |
| 040 ## - CATALOGING SOURCE | |
| Original cataloging agency | StDuBDS |
| Language of cataloging | eng |
| Transcribing agency | StDuBDS |
| Description conventions | pn |
| 049 ## - LOCAL HOLDINGS (OCLC) | |
| Holding library | Alfaisal Main Library |
| 050 #0 - LIBRARY OF CONGRESS CALL NUMBER | |
| Classification number | HF5415.32 |
| Item number | .C654 2006 |
| 082 04 - DEWEY DECIMAL CLASSIFICATION NUMBER | |
| Classification number | 658.8342 |
| Edition number | 23 |
| 245 00 - TITLE STATEMENT | |
| Title | Consumer behavior II |
| Medium | [electronic resource] : |
| Remainder of title | the meaning of consumption / |
| Statement of responsibility, etc | edited by Margaret K. Hogg. |
| 260 ## - PUBLICATION, DISTRIBUTION, ETC. (IMPRINT) | |
| Place of publication, distribution, etc | London : |
| Name of publisher, distributor, etc | SAGE, |
| Date of publication, distribution, etc | 2006. |
| 300 ## - PHYSICAL DESCRIPTION | |
| Extent | 1 online resource (3 v.) : |
| Other physical details | ill. |
| 490 1# - SERIES STATEMENT | |
| Series statement | SAGE library in business and management |
| 500 ## - GENERAL NOTE | |
| General note | Volume numbering continues from Consumer behavior I. |
| 505 0# - FORMATTED CONTENTS NOTE | |
| Formatted contents note | v. 4. Advertising and consumption -- v. 5. Possessions, brands and the self -- v. 6. (Sub)cultures of consumption. |
| 520 8# - SUMMARY, ETC. | |
| Summary, etc | Contains classic and contemporary writings including some of the most provocative and influential contributions to the field from across the social sciences, thus representing the increasing interdisciplinary richness of research in consumer behavior. |
| 521 ## - TARGET AUDIENCE NOTE | |
| Target audience note | Specialized. |
| 588 ## - | |
| -- | Description based on print version record. |
| 504 ## - BIBLIOGRAPHY, ETC. NOTE | |
| Bibliography, etc | Includes bibliographical references. |
| 650 #0 - SUBJECT ADDED ENTRY--TOPICAL TERM | |
| Topical term or geographic name as entry element | Consumer behavior. |
| 655 #7 - INDEX TERM--GENRE/FORM | |
| Genre/form data or focus term | Electronic books. |
| Source of term | local |
| 700 1# - ADDED ENTRY--PERSONAL NAME | |
| Personal name | Hogg, Margaret K. |
| 710 2# - ADDED ENTRY--CORPORATE NAME | |
| Corporate name or jurisdiction name as entry element | Sage eBooks |
| 740 02 - ADDED ENTRY--UNCONTROLLED RELATED/ANALYTICAL TITLE | |
| Uncontrolled related/analytical title | Advertising and consumption. |
| 740 02 - ADDED ENTRY--UNCONTROLLED RELATED/ANALYTICAL TITLE | |
| Uncontrolled related/analytical title | Possessions, brands and the self. |
| 740 02 - ADDED ENTRY--UNCONTROLLED RELATED/ANALYTICAL TITLE | |
| Uncontrolled related/analytical title | (Sub)cultures of consumption. |
| 776 08 - ADDITIONAL PHYSICAL FORM ENTRY | |
| Display text | Print version : |
| International Standard Book Number | 9781412908429 |
| 830 #0 - SERIES ADDED ENTRY--UNIFORM TITLE | |
| Uniform title | SAGE library in business and management. |
| 856 40 - ELECTRONIC LOCATION AND ACCESS | |
| Uniform Resource Identifier | <a href="http://ezproxy.alfaisal.edu/login?url=http://sk.sagepub.com/navigator/consumer-behavior-ii-the-meaning-of-consumption">http://ezproxy.alfaisal.edu/login?url=http://sk.sagepub.com/navigator/consumer-behavior-ii-the-meaning-of-consumption</a> |
| 942 ## - ADDED ENTRY ELEMENTS (KOHA) | |
| Source of classification or shelving scheme | Library of Congress Classification |
| Koha item type | eBooks |
No items available.

